[Event "AUTO-MASTER-411"]
[Site "http://www.queenalice.com/game.php?id=377743"]
[Date "2008.3.27"]
[Round "2"]
[White "JimMorrisson"]
[Black "Stulzer"]
[Result "0-1"]
[WhiteElo "2175"]
[BlackElo "2334"]

1. e4 c5 2. Nf3 d6 3. d4 cxd4 4. Nxd4 Nf6 5. Nc3 a6 6. Bg5 e6 7. f4 Be7 8. Qf3
Qc7 9. O-O-O Nbd7 10. g4 b5 11. Bxf6 gxf6 12. f5 Ne5 13. Qh3 O-O 14. Qh6 Kh8 15.
g5 Rg8 16. g6 fxg6 17. fxe6 Bb7 18. Kb1 f5 19. Nd5 Bxd5 20. exd5 Qc5 21. Bg2 Nc4
22. h4 Bf6 23. c3 b4 24. h5 bxc3 25. hxg6 Rg7 26. Nc2 Rb8 27. b3 Na3+ 0-1

[Event "AUTO-MASTER-411"]
[Site "http://www.queenalice.com/game.php?id=377744"]
[Date "2008.3.27"]
[Round "2"]
[White "Stulzer"]
[Black "JimMorrisson"]
[Result "1-0"]
[WhiteElo "2347"]
[BlackElo "2162"]

1. d4 Nf6 2. c4 e6 3. Nf3 c5 4. d5 exd5 5. cxd5 d6 6. Nc3 a6 7. a4 Nbd7 8. e4 g6
9. h3 Bg7 10. Bd3 O-O 11. O-O Re8 12. Re1 Qe7 13. Bf4 Nh5 14. Bh2 Ne5 15. Be2
Nxf3+ 16. Bxf3 Nf6 17. e5 dxe5 18. Bxe5 Qd8 19. a5 Nd7 20. Bxg7 Kxg7 21. Na4 Rb8
22. Rxe8 Qxe8 23. Nxc5 Qe5 24. Nd3 Qd6 25. Qc2 Nf6 26. Qc3 Bf5 27. Nc5 Kg8 28.
Re1 Rc8 29. Nxb7 Rxc3 30. Nxd6 Rb3 31. Re7 Rxb2 32. Nxf7 Rb5 33. Nh6+ Kf8 34.
Rf7+ Ke8 35. Rxf6 1-0

[Event "Challenge"]
[Site "http://www.queenalice.com/game.php?id=384674"]
[Date "2008.4.9"]
[Round "-"]
[White "Patibong"]
[Black "Stulzer"]
[Result "0-1"]
[WhiteElo "2050"]
[BlackElo "2383"]

1. e4 c5 2. Nf3 Nc6 3. Bb5 g6 4. O-O Bg7 5. c3 Nf6 6. Bxc6 bxc6 7. d3 O-O 8.
Nbd2 d6 9. Re1 Rb8 10. Qa4 Qc7 11. e5 Nd5 12. exd6 exd6 13. Qh4 Bf5 14. Ne4 Rfe8
15. Bh6 Qd8 16. Bg5 Qd7 17. Rab1 Bg4 18. Nfd2 f5 19. f3 fxe4 20. dxe4 Be6 21.
exd5 cxd5 22. Bf6 Bf5 23. Rxe8+ Rxe8 24. Rd1 Bxf6 25. Qxf6 Qa4 26. b3 Qxa2 27.
Nf1 Qxb3 28. Ra1 Qb6 29. h4 c4+ 30. Kh2 h6 31. h5 Re6 32. Qh4 g5 33. Qg3 d4 34.
Nd2 dxc3 35. Nxc4 Qc5 36. Ra5 Qxc4 37. Rxf5 c2 38. Rxg5+ hxg5 39. Qxg5+ Kf7 40.
h6 c1=Q 41. Qg7+ Ke8 42. Qg8+ Kd7 43. Qf7+ Kc6 0-1

[Event "14 days, ok?"]
[Site "http://www.queenalice.com/game.php?id=419745"]
[Date "2008.6.18"]
[Round "-"]
[White "Stulzer"]
[Black "Patibong"]
[Result "1-0"]
[WhiteElo "2396"]
[BlackElo "2064"]

1. e4 c5 2. Nf3 Nc6 3. d4 cxd4 4. Nxd4 Qb6 5. Nb3 Nf6 6. Nc3 e6 7. Qe2 Bb4 8.
Bd2 Nd4 9. Nxd4 Qxd4 10. O-O-O Bxc3 11. Bxc3 Qxe4 12. Qxe4 Nxe4 13. Bxg7 Rg8 14.
Bd4 d5 15. f3 Nd6 16. g4 Bd7 17. Bd3 h6 18. Bh7 Rg6 19. Rhe1 Kf8 20. Bxg6 fxg6
21. Bc5 1-0

[Event "AUTO-MASTER-422"]
[Site "http://www.queenalice.com/game.php?id=426493"]
[Date "2008.7.2"]
[Round "2"]
[White "Ribar"]
[Black "Stulzer"]
[Result "0-1"]
[WhiteElo "1962"]
[BlackElo "2407"]

1. c4 Nf6 2. Nc3 d6 3. Nf3 c6 4. g3 e5 5. Bg2 Be7 6. O-O O-O 7. d3 Nbd7 8. Qc2
Qc7 9. Rb1 Nb6 10. b4 h6 11. a4 Be6 12. a5 Nbd7 13. e4 d5 14. c5 dxe4 15. dxe4
b6 16. axb6 axb6 17. Na4 bxc5 18. Nxc5 Nxc5 19. bxc5 Ra5 20. Be3 Ng4 21. Qc1
Nxe3 22. Qxe3 Bxc5 23. Qc3 Qa7 24. Ra1 Bxf2+ 25. Kh1 Rxa1 26. Qxa1 Qxa1 27. Rxa1
c5 28. Rc1 Bd4 29. Nxd4 cxd4 30. Bf3 Rc8 31. Ra1 Rc2 32. g4 Kf8 33. Ra7 Bc4 0-1

[Event "AUTO-MASTER-422"]
[Site "http://www.queenalice.com/game.php?id=426494"]
[Date "2008.7.2"]
[Round "2"]
[White "Stulzer"]
[Black "Ribar"]
[Result "1-0"]
[WhiteElo "2399"]
[BlackElo "1980"]

1. d4 Nf6 2. Nf3 g6 3. c4 Bg7 4. Nc3 d5 5. Qb3 dxc4 6. Qxc4 O-O 7. e4 c6 8. Be2
e6 9. O-O Nbd7 10. Bf4 Qe7 11. Rfd1 Nh5 12. Be3 e5 13. d5 cxd5 14. Nxd5 Qd8 15.
Nc7 Nf4 16. Nxa8 Nxe2+ 17. Qxe2 b6 18. Qd2 Bf6 19. Rac1 Nc5 20. Qxd8 Bxd8 21.
Bxc5 bxc5 22. Rxc5 Bb7 23. Nc7 Bxe4 24. Nxe5 Be7 25. Rc4 Bb7 26. Nd5 Bd8 27. Nd7
Bxd5 28. Nxf8 Bxc4 29. Rxd8 Kg7 30. b3 1-0

[Event "AUTO-MASTER-422"]
[Site "http://www.queenalice.com/game.php?id=426497"]
[Date "2008.7.2"]
[Round "2"]
[White "Stulzer"]
[Black "Vampyr"]
[Result "1-0"]
[WhiteElo "2400"]
[BlackElo "2223"]

1. d4 d5 2. c4 c6 3. Nc3 Nf6 4. Nf3 e6 5. Bg5 dxc4 6. e4 b5 7. e5 h6 8. Bh4 g5
9. Nxg5 hxg5 10. Bxg5 Nbd7 11. exf6 Bb7 12. g3 c5 13. d5 Qb6 14. Bg2 O-O-O 15.
O-O b4 16. Rb1 Qa6 17. dxe6 Bxg2 18. e7 Bb7 19. exd8=Q+ Kxd8 20. Ne2 Bf3 21. Re1
Bd6 22. Qd2 Bb7 23. f3 Ne5 24. Rf1 Qc6 25. Rbd1 Kc7 26. Bf4 1-0

[Event "AUTO-MASTER-422"]
[Site "http://www.queenalice.com/game.php?id=426498"]
[Date "2008.7.2"]
[Round "2"]
[White "Vampyr"]
[Black "Stulzer"]
[Result "0-1"]
[WhiteElo "2133"]
[BlackElo "2404"]

1. e4 c5 2. Nf3 d6 3. d4 cxd4 4. Nxd4 Nf6 5. Nc3 a6 6. Bg5 e6 7. f4 Qb6 8. Qd2
Qxb2 9. Nb3 Qa3 10. Bxf6 gxf6 11. Be2 Nc6 12. O-O Bd7 13. Kh1 Rc8 14. Rf3 h5 15.
Rd1 h4 16. e5 fxe5 17. Ne4 Qb4 18. Qxb4 Nxb4 19. fxe5 f5 20. Nf6+ Kd8 21. Na5
Rxc2 22. Nxb7+ Kc8 23. Nxd7 Kxd7 24. Nxd6 Bxd6 25. Rxd6+ Ke7 26. Bf1 Nc6 27. Rd1
Nxe5 28. Ra3 Ng4 29. Kg1 h3 30. gxh3 Nxh2 31. Rxa6 Nf3+ 0-1

[Event "Challenge"]
[Site "http://www.queenalice.com/game.php?id=438914"]
[Date "2008.7.25"]
[Round "-"]
[White "Patibong"]
[Black "Stulzer"]
[Result "0-1"]
[WhiteElo "2007"]
[BlackElo "2408"]

1. e4 c5 2. Nf3 d6 3. d4 cxd4 4. Nxd4 Nf6 5. Nc3 a6 6. Be2 e5 7. Nf3 Be7 8. O-O
O-O 9. Re1 h6 10. h3 Be6 11. Be3 Nc6 12. a3 Rc8 13. Qd2 d5 14. exd5 Nxd5 15.
Nxd5 Qxd5 16. Qxd5 Bxd5 17. Rad1 Be6 18. Bd3 f5 19. Nxe5 Nxe5 20. Bd4 Nxd3 21.
Rxe6 Kf7 22. Rb6 Nf4 23. Rxb7 Ne2+ 24. Kf1 Nxd4 25. Rxd4 Rxc2 26. Rdd7 Re8 27.
Rdc7 Rxc7 28. Rxc7 Rb8 29. b4 a5 30. bxa5 Ra8 31. a4 Rxa5 32. Rc4 Rc5 33. Rd4
Rc2 34. Rd5 Ke6 35. Rb5 Bc5 36. a5 Rxf2+ 37. Ke1 Be3 38. a6 Rxg2 39. Rb7 f4 40.
a7 f3 41. Rb6+ Ke5 42. Rb5+ Kd4 43. Kd1 Kc3 44. Rc5+ Bxc5 0-1

[Event "Xadrez"]
[Site "http://www.queenalice.com/game.php?id=441739"]
[Date "2008.7.31"]
[Round "-"]
[White "Poirot"]
[Black "Stulzer"]
[Result "0-1"]
[WhiteElo "1100"]
[BlackElo "2398"]

1. e4 c5 2. Nf3 d6 3. c3 Nf6 4. d3 Nc6 5. d4 cxd4 6. cxd4 Nxe4 7. d5 Qa5+ 8.
Nbd2 Qxd5 9. Bc4 Qc5 10. O-O Nxd2 11. Nxd2 Bf5 12. Qb3 e6 13. Qxb7 Rb8 14. Qa6
Qb6 15. Qa3 d5 16. Qg3 dxc4 17. Nxc4 Qb5 18. b3 f6 19. Rd1 e5 20. Rd6 Nd4 21.
Qe3 Kf7 22. h3 Be6 23. Nxe5+ fxe5 24. Rxe6 Nxe6 25. Qxa7+ Be7 26. a4 Qxb3 27.
Ba3 Rb7 28. Qe3 Qxe3 29. fxe3 Bxa3 30. Rxa3 Ra8 31. g4 Rba7 32. h4 Rxa4 33. Rd3
Rd8 34. Rb3 Rd1+ 35. Kf2 Ra2+ 36. Kf3 Nc5 37. Rc3 Rf1+ 38. Kg3 Ne4+ 39. Kh3 Rf3#
0-1

[Event "ABERTO DO BRASIL"]
[Site "http://www.queenalice.com/game.php?id=451991"]
[Date "2008.8.22"]
[Round "1"]
[White "carol_santos"]
[Black "Stulzer"]
[Result "1/2-1/2"]
[WhiteElo "2347"]
[BlackElo "2392"]

1. c4 Nf6 2. Nc3 c5 3. Nf3 e6 4. g3 b6 5. Bg2 Bb7 6. O-O Be7 7. d4 cxd4 8. Qxd4
d6 9. Bg5 a6 10. Rfd1 Nbd7 11. Qd2 O-O 12. Bf4 Ne8 13. e4 Qc7 14. Rac1 Rd8 15.
b3 Qb8 16. Qe1 Nef6 17. Nd4 Rfe8 18. Bd2 h6 19. Qe2 d5 20. cxd5 exd5 21. Nxd5
Nxd5 22. exd5 Ba3 23. Be3 Bxc1 24. Rxc1 Qd6 25. Nc6 Rc8 26. Qd2 Ne5 27. Bf4 Bxc6
28. dxc6 Qxd2 29. Bxd2 Nd3 30. Rc3 Red8 31. c7 1/2-1/2

[Event "Challenge"]
[Site "http://www.queenalice.com/game.php?id=458313"]
[Date "2008.9.4"]
[Round "-"]
[White "Stulzer"]
[Black "Patibong"]
[Result "1-0"]
[WhiteElo "2389"]
[BlackElo "2094"]

1. d4 d5 2. c4 c6 3. Nc3 e5 4. dxe5 d4 5. Ne4 Qa5+ 6. Bd2 Qxe5 7. Ng3 Be6 8. Nf3
Qc5 9. e3 dxe3 10. Bxe3 Qb4+ 11. Qd2 Nd7 12. O-O-O Qa4 13. Kb1 Bb4 14. Qc2 Qa5
15. a3 Be7 16. Bd3 Ngf6 17. Nf5 Bxf5 18. Bxf5 Rd8 19. Rhe1 O-O 20. Bd2 Qc5 21.
Bb4 Qxb4 22. axb4 Bxb4 23. Re3 Nc5 24. Rxd8 Rxd8 25. Ne5 Rd2 26. Bxh7+ Nxh7 27.
Qf5 Na4 28. Qxf7+ 1-0

[Event "Challenge"]
[Site "http://www.queenalice.com/game.php?id=509634"]
[Date "2008.12.18"]
[Round "-"]
[White "Patibong"]
[Black "Stulzer"]
[Result "0-1"]
[WhiteElo "1735"]
[BlackElo "2393"]

1. e4 c5 2. Nf3 d6 3. Bc4 Nf6 4. Nc3 Nc6 5. O-O g6 6. d4 cxd4 7. Nxd4 Bg7 8.
Nxc6 bxc6 9. Kh1 O-O 10. f4 Qb6 11. Bb3 Ba6 12. Re1 Qf2 13. Be3 Qh4 14. h3 Qg3
15. Qd2 Nh5 16. Rab1 Rad8 0-1

[Event "Trabalho embarcado as vezes demo"]
[Site "http://www.queenalice.com/game.php?id=577630"]
[Date "2009.4.25"]
[Round "-"]
[White "Stulzer"]
[Black "Conde7"]
[Result "0-1"]
[WhiteElo "2385"]
[BlackElo "2506"]

1. d4 e6 2. c4 d5 3. Nc3 Nf6 4. Nf3 c6 5. Bg5 dxc4 6. e4 b5 7. e5 h6 8. Bh4 g5
9. Nxg5 hxg5 10. Bxg5 Nbd7 11. exf6 Bb7 0-1

[Event "Trabalho embarcado as vezes demo"]
[Site "http://www.queenalice.com/game.php?id=577631"]
[Date "2009.4.25"]
[Round "-"]
[White "Conde7"]
[Black "Stulzer"]
[Result "1-0"]
[WhiteElo "2500"]
[BlackElo "2394"]

1. e4 d6 2. d4 Nf6 3. Nc3 c6 4. f4 Qa5 5. Bd3 e5 6. Nf3 Bg4 7. Be3 Nbd7 8. O-O
Be7 9. Kh1 Bh5 10. Qe1 exf4 11. Bxf4 Bg6 12. Rd1 Nh5 13. Bc1 1-0

[Event "Challenge"]
[Site "http://www.queenalice.com/game.php?id=669431"]
[Date "2009.10.19"]
[Round "-"]
[White "jjjcarvalho"]
[Black "Stulzer"]
[Result "0-1"]
[WhiteElo "1626"]
[BlackElo "2358"]

1. d4 Nf6 2. Nf3 d6 3. e3 c6 4. c4 Bg4 5. Be2 Nbd7 6. Nc3 e5 7. h3 Bh5 8. dxe5
dxe5 9. e4 Bb4 10. Qc2 Bxc3+ 11. bxc3 Bg6 12. Bd3 Nc5 13. Be2 Bxe4 14. Qd2 Bxf3
15. Bxf3 Nd3+ 16. Kf1 O-O 17. Ba3 Re8 18. Rd1 e4 19. Be2 Qa5 20. Bb4 Qa6 21.
Bxd3 Rad8 22. Qc2 exd3 23. Rxd3 Qxc4 24. g3 Rxd3 25. Kg2 Qd5+ 26. Kh2 Rd2 27.
Qa4 Rxf2+ 0-1